[Event "NB II. Asztalos csoport"]
[Site "Marcali"]
[Date "2024.03.03"]
[Round "5.7"]
[White "Nagy, Peter"]
[Black "Kiraly, Mate"]
[Result "1/2-1/2"]
[WhiteElo "1854"]
[BlackElo "1863"]
[PlyCount "81"]
[EventDate "2023.10.08"]
[EventType "team-tourn"]
[EventRounds "9"]
[EventCountry "HUN"]
[Source "chess.hu"]
[WhiteTeam "Karmin PSSE"]
[BlackTeam "Marcali VSZSE"]
[WhiteTeamCountry "HUN"]
[BlackTeamCountry "HUN"]

1. Nf3 g6 2. d4 Bg7 3. b3 Nf6 4. Bb2 d6 5. e3 O-O 6. Be2 Nc6 7. d5 Nb4 8. c4
Bf5 9. Nd4 Nd7 10. O-O Nc2 11. Na3 Nxa1 12. Qxa1 Bxd4 13. Bxd4 e5 14. dxe6 fxe6
15. Bg7 Rf7 16. Bh6 Qh4 17. Bf4 e5 18. Bg3 Qf6 19. Qd1 Nc5 20. f3 e4 21. Qd4
Qxd4 22. exd4 Nd3 23. Rd1 Nb4 24. Rd2 e3 25. Rb2 a5 26. Be1 Bd3 27. Kf1 Rf4 28.
Nb5 c6 29. Nxd6 Rxd4 30. Nxb7 Bxe2+ 31. Kxe2 Re8 32. Nc5 Re5 33. a3 Rxc5 34.
axb4 Rh5 35. bxa5 Rxh2 36. Kxe3 Rd7 37. Bg3 Rh5 38. b4 Re7+ 39. Kf2 Rb7 40. Bd6
Rxa5 41. Bc7 1/2-1/2

[Event "NB II. Asztalos csoport"]
[Site "Marcali"]
[Date "2024.03.03"]
[Round "5.8"]
[White "Tombor, Mate"]
[Black "Kovacs, Tibor"]
[Result "1-0"]
[WhiteElo "1741"]
[BlackElo "1803"]
[PlyCount "57"]
[EventDate "2023.10.08"]
[EventType "team-tourn"]
[EventRounds "9"]
[EventCountry "HUN"]
[Source "chess.hu"]
[WhiteTeam "Marcali VSZSE"]
[BlackTeam "Karmin PSSE"]
[WhiteTeamCountry "HUN"]
[BlackTeamCountry "HUN"]

1. e4 e5 2. Nc3 Nc6 3. g3 Nf6 4. Bg2 Bc5 5. Nge2 a6 6. h3 d6 7. O-O O-O 8. d3
h6 9. Kh2 Nh7 10. f4 f6 11. f5 Nd4 12. Nd5 c6 13. Ne3 Bd7 14. Ng4 Be8 15. c3
Nxe2 16. Qxe2 Bh5 17. Nxh6+ gxh6 18. Qxh5 Qe7 19. Bxh6 Rf7 20. Qe2 Nf8 21. Bf3
Rh7 22. Qd2 Qf7 23. g4 Rh8 24. g5 Qh7 25. Bh5 Rd8 26. Rg1 Bxg1+ 27. Rxg1 Ng6
28. Bxg6 Qd7 29. gxf6 1-0

[Event "NB II. Asztalos csoport"]
[Site "Marcali"]
[Date "2024.03.03"]
[Round "5.9"]
[White "Pinter, Szabolcs Peter"]
[Black "Guricza, Zoltan Sr"]
[Result "1-0"]
[WhiteElo "1810"]
[BlackElo "1762"]
[PlyCount "49"]
[EventDate "2023.10.08"]
[EventType "team-tourn"]
[EventRounds "9"]
[EventCountry "HUN"]
[Source "chess.hu"]
[WhiteTeam "Karmin PSSE"]
[BlackTeam "Marcali VSZSE"]
[WhiteTeamCountry "HUN"]
[BlackTeamCountry "HUN"]

1. e4 c5 2. d4 e6 3. Nf3 Nc6 4. d5 Nb4 5. c3 Na6 6. dxe6 fxe6 7. Bc4 Be7 8. Ng5
g6 9. Nf3 b6 10. O-O Nc7 11. Bf4 Nf6 12. Qe2 O-O 13. Rd1 Nh5 14. Bh6 Rf7 15.
Ne5 Rf6 16. Bg5 Rf8 17. Nc6 Qe8 18. Nxe7+ Kh8 19. Nxc8 Rxc8 20. Na3 Rf7 21. Nb5
Nxb5 22. Bxb5 Rc7 23. Rd2 Qc8 24. Rad1 d5 25. exd5 1-0

[Event "NB II. Asztalos csoport"]
[Site "Marcali"]
[Date "2024.03.03"]
[Round "5.10"]
[White "Jankovics, Emod"]
[Black "Dani, Ferenc"]
[Result "1-0"]
[WhiteElo "1699"]
[BlackElo "1736"]
[PlyCount "119"]
[EventDate "2023.10.08"]
[EventType "team-tourn"]
[EventRounds "9"]
[EventCountry "HUN"]
[Source "chess.hu"]
[WhiteTeam "Marcali VSZSE"]
[BlackTeam "Karmin PSSE"]
[WhiteTeamCountry "HUN"]
[BlackTeamCountry "HUN"]

1. d4 Nf6 2. Bf4 d5 3. Nf3 e6 4. c3 Bd6 5. e3 Bxf4 6. exf4 Nbd7 7. Ne5 Qe7 8.
Nd2 c5 9. Ndf3 cxd4 10. Qxd4 h6 11. Bb5 O-O 12. O-O a6 13. Nxd7 Bxd7 14. Bxd7
Nxd7 15. f5 Rac8 16. Rfe1 Rc4 17. Qxd5 Rc5 18. Qxb7 Rxf5 19. Rad1 Rd8 20. Nd4
Rh5 21. Nc6 Qh4 22. h3 Rb5 23. Qc7 Rf8 24. Qxd7 Rxb2 25. Rd2 Rxd2 26. Qxd2 Qa4
27. Qd6 Qxa2 28. Rd1 g6 29. Qe7 Kg7 30. Rd8 Qa1+ 31. Kh2 Rxd8 32. Nxd8 Qxc3 33.
Nxe6+ Kg8 34. Qf8+ Kh7 35. Qxf7+ Kh8 36. Nf8 Qe5+ 37. g3 Qg7 38. Nxg6+ Kh7 39.
Qxg7+ Kxg7 40. Nf4 Kf6 41. Kg2 Ke5 42. Kf1 Kd4 43. Ke2 Kc3 44. Nd5+ Kc4 45.
Ne3+ Kc3 46. Kd1 Kd3 47. Ng4 h5 48. Nf6 h4 49. g4 Kd4 50. f4 Ke3 51. g5 Kf3 52.
g6 Kg3 53. g7 Kxh3 54. g8=Q Kh2 55. Ne4 a5 56. Kc2 a4 57. Nd2 a3 58. Nf3+ Kh3
59. Qg1 a2 60. Ng5# 1-0

[Event "NB II. Asztalos csoport"]
[Site "Marcali"]
[Date "2024.03.03"]
[Round "5.11"]
[White "Lang, Bence"]
[Black "Bihary, Soma Botond"]
[Result "0-1"]
[WhiteElo "1681"]
[BlackElo "1780"]
[PlyCount "58"]
[EventDate "2023.10.08"]
[EventType "team-tourn"]
[EventRounds "9"]
[EventCountry "HUN"]
[Source "chess.hu"]
[WhiteTeam "Karmin PSSE"]
[BlackTeam "Marcali VSZSE"]
[WhiteTeamCountry "HUN"]
[BlackTeamCountry "HUN"]

1. Nf3 Nf6 2. g3 d5 3. Bg2 Bf5 4. O-O Nc6 5. d3 e5 6. Nbd2 Qd7 7. c4 d4 8. a3
a5 9. Ne1 g5 10. Ndf3 h6 11. Nc2 Be7 12. Rb1 a4 13. b4 axb3 14. Rxb3 Ra7 15.
Nb4 Bxb4 16. axb4 g4 17. Nd2 h5 18. b5 Nd8 19. Ra3 Rxa3 20. Bxa3 Qe6 21. Nb3 b6
22. e3 dxe3 23. fxe3 h4 24. d4 hxg3 25. hxg3 Ne4 26. Rxf5 Qxf5 27. Qe1 Ng5 28.
Qf1 Nf3+ 29. Bxf3 gxf3 0-1

[Event "NB II. Asztalos csoport"]
[Site "Kaposvar"]
[Date "2024.03.03"]
[Round "5.1"]
[White "Papp, Tamas"]
[Black "Veress, Robert"]
[Result "1-0"]
[WhiteElo "2268"]
[BlackElo "2186"]
[PlyCount "59"]
[EventDate "2023.10.08"]
[EventType "team-tourn"]
[EventRounds "9"]
[EventCountry "HUN"]
[Source "chess.hu"]
[WhiteTeam "Decs 1990"]
[BlackTeam "Kaposvari Bastya SE"]
[WhiteTeamCountry "HUN"]
[BlackTeamCountry "HUN"]

1. e4 c5 2. Nc3 Nc6 3. Bb5 g6 4. Bxc6 dxc6 5. d3 Bg7 6. Be3 b6 7. Qd2 e5 8.
Nge2 Be6 9. b3 Nf6 10. h3 Nd7 11. a4 a5 12. O-O O-O 13. Bh6 Qe7 14. Bxg7 Kxg7
15. f4 f6 16. Nd1 Rad8 17. Ne3 Kg8 18. Qc3 exf4 19. Nxf4 Ne5 20. Nxe6 Qxe6 21.
Rf4 Kg7 22. Raf1 h5 23. Qe1 Rf7 24. Qg3 Kf8 25. Nc4 Nxc4 26. bxc4 Kg7 27. Rb1
Rb7 28. Rf5 Kf7 29. Rf2 Kg7 30. Rxb6 1-0

[Event "NB II. Asztalos csoport"]
[Site "Kaposvar"]
[Date "2024.03.03"]
[Round "5.2"]
[White "Katai, David"]
[Black "Kiss, Lajos"]
[Result "0-1"]
[WhiteElo "2151"]
[BlackElo "2129"]
[PlyCount "134"]
[EventDate "2023.10.08"]
[EventType "team-tourn"]
[EventRounds "9"]
[EventCountry "HUN"]
[Source "chess.hu"]
[WhiteTeam "Kaposvari Bastya SE"]
[BlackTeam "Decs 1990"]
[WhiteTeamCountry "HUN"]
[BlackTeamCountry "HUN"]

1. e4 c6 2. d4 d5 3. Nc3 dxe4 4. Nxe4 Nf6 5. Ng3 h5 6. h4 c5 7. Nf3 Nc6 8. Be3
cxd4 9. Nxd4 Qc7 10. Qd2 a6 11. O-O-O Bd7 12. Be2 g6 13. Bf4 Qb6 14. Bf3 Bg7
15. Nxc6 Bxc6 16. Bxc6+ bxc6 17. Be5 Bh6 18. f4 O-O 19. Bxf6 exf6 20. Ne4 f5
21. Nf6+ Kh8 22. Nd7 Qc7 23. g3 Rfd8 24. Rhe1 Bf8 25. Re3 c5 26. Qd5 Kg7 27. c4
Re8 28. Red3 Rad8 29. Qf3 Re4 30. Ne5 Rxd3 31. Qxd3 Rd4 32. Qc3 Rxd1+ 33. Kxd1
f6 34. Nf3 Qb7 35. a3 Kf7 36. Kc2 Be7 37. Kb1 Qe4+ 38. Ka2 Qe2 39. Ne1 g5 40.
hxg5 fxg5 41. fxg5 Bxg5 42. Nd3 Qe3 43. Qb3 Be7 44. Nf4 Qxb3+ 45. Kxb3 h4 46.
gxh4 Bxh4 47. Kc2 Be7 48. Kd3 Bd6 49. Ke3 a5 50. Nd3 a4 51. Kf3 Kf6 52. Ke3 Kg5
53. Kf3 Kg6 54. Kg2 Kh5 55. Kf3 Kg5 56. Nc1 Be5 57. b4 Bb2 58. Nd3 cxb4 59.
Nxb4 Bxa3 60. Na2 Bc5 61. Nc3 a3 62. Na2 f4 63. Nc3 Kf5 64. Na2 Ke5 65. Nc3 Be3
66. Ke2 Bd4 67. Na2 Ke4 0-1

[Event "NB II. Asztalos csoport"]
[Site "Kaposvar"]
[Date "2024.03.03"]
[Round "5.3"]
[White "Nagybiro, Laszlo"]
[Black "Galambos, Tivadar"]
[Result "1-0"]
[WhiteElo "2078"]
[BlackElo "1951"]
[PlyCount "209"]
[EventDate "2023.10.08"]
[EventType "team-tourn"]
[EventRounds "9"]
[EventCountry "HUN"]
[Source "chess.hu"]
[WhiteTeam "Decs 1990"]
[BlackTeam "Kaposvari Bastya SE"]
[WhiteTeamCountry "HUN"]
[BlackTeamCountry "HUN"]

1. d4 Nf6 2. c4 d6 3. Nc3 g6 4. e4 Bg7 5. Be2 c6 6. Nf3 Na6 7. Be3 Nc7 8. Nd2
a6 9. e5 Nd7 10. exd6 exd6 11. Nde4 Nf6 12. Bf4 Nxe4 13. Nxe4 O-O 14. O-O d5
15. cxd5 Nxd5 16. Be5 f6 17. Bg3 f5 18. f3 fxe4 19. fxe4 Rxf1+ 20. Bxf1 Ne7 21.
Bc4+ Kh8 22. Bf2 Bd7 23. Qd2 Nc8 24. Bb3 Nd6 25. Re1 b5 26. Qb4 Nb7 27. Qd2 Na5
28. Bd1 Nc4 29. Qc2 Be8 30. b3 Nb6 31. Qc5 Rc8 32. Bg4 Bd7 33. Bf3 Na8 34. Rd1
Be6 35. Qa7 Nc7 36. Qb7 Bd7 37. d5 cxd5 38. exd5 Rb8 39. Qa7 Ra8 40. Qc5 Rc8
41. Bd4 Bxd4+ 42. Qxd4+ Kg8 43. d6 Ne6 44. Bd5 Qg5 45. h4 Qg3 46. Bxe6+ Bxe6
47. d7 Rd8 48. Qb6 Rxd7 49. Qxe6+ Rf7 50. Rf1 Qc7 51. Rxf7 Qxf7 52. Qxa6 Qd7
53. a4 Qd1+ 54. Kh2 bxa4 55. bxa4 Qg4 56. Qa8+ Kg7 57. Qa7+ Kg8 58. Qb8+ Kg7
59. Qe5+ Kg8 60. Qe8+ Kg7 61. Qe7+ Kg8 62. Qd8+ Kg7 63. Qc7+ Kg8 64. Qb8+ Kg7
65. Qa7+ Kg8 66. Qa8+ Kg7 67. g3 h6 68. a5 g5 69. hxg5 hxg5 70. Qa7+ Kg6 71.
Qb6+ Kg7 72. Qb2+ Kg6 73. a6 Qa4 74. Qb1+ Kh6 75. Qf1 Kh5 76. Qf7+ Kg4 77. Qe6+
Kh5 78. Qh3+ Kg6 79. Qf1 Kh5 80. Qe2+ Kg6 81. Qd3+ Kh6 82. Kh3 Kg7 83. Qc3+ Kg6
84. Qc8 Qa1 85. Qe6+ Kg7 86. Kg4 Qa5 87. Kh5 g4+ 88. Kxg4 Qa4+ 89. Kh3 Qa5 90.
Qd7+ Kg6 91. Qd3+ Kg7 92. Qd4+ Kg6 93. a7 Qh5+ 94. Qh4 Qd5 95. Qg4+ Kf6 96.
Qf4+ Kg6 97. Qg4+ Kf6 98. Qf4+ Kg6 99. Qf2 Qh1+ 100. Qh2 Qf3 101. Qc2+ Kf6 102.
Kh2 Qh5+ 103. Kg1 Qd5 104. Qg2 Qc5+ 105. Qf2+ 1-0

[Event "NB II. Asztalos csoport"]
[Site "Kaposvar"]
[Date "2024.03.03"]
[Round "5.4"]
[White "Kadlicsko, Jozsef"]
[Black "Horvath, Balazs"]
[Result "1/2-1/2"]
[WhiteElo "2016"]
[BlackElo "2107"]
[PlyCount "120"]
[EventDate "2023.10.08"]
[EventType "team-tourn"]
[EventRounds "9"]
[EventCountry "HUN"]
[Source "chess.hu"]
[WhiteTeam "Kaposvari Bastya SE"]
[BlackTeam "Decs 1990"]
[WhiteTeamCountry "HUN"]
[BlackTeamCountry "HUN"]

1. Nf3 Nf6 2. c4 g6 3. Nc3 Bg7 4. e4 d6 5. d4 O-O 6. Be2 e5 7. h3 exd4 8. Nxd4
Re8 9. Bg5 h6 10. Bxf6 Bxf6 11. O-O Nc6 12. Nxc6 bxc6 13. Qd3 Qe7 14. Rae1 Rb8
15. b3 Bd7 16. Bg4 Bxg4 17. hxg4 Qe5 18. Nd1 Qg5 19. Ne3 Qf4 20. Nc2 Qxg4 21.
Qe3 c5 22. Qxh6 Rxe4 23. f3 Qh4 24. Qxh4 Rxh4 25. g3 Rh5 26. Kg2 Kg7 27. Rh1
Rxh1 28. Kxh1 a5 29. Kg2 a4 30. Re3 axb3 31. axb3 Ra8 32. Ne1 Ra2+ 33. Kh3 Rb2
34. f4 Rd2 35. Nf3 Rd1 36. g4 c6 37. Kg2 d5 38. Ne5 Bxe5 39. Rxe5 Rd4 40. cxd5
cxd5 41. Kf3 Rd3+ 42. Ke2 Rxb3 43. Rxd5 Rc3 44. g5 Kf8 45. Re5 Rc1 46. Re4 Rb1
47. Re5 Rb5 48. Ke3 f6 49. gxf6 Kf7 50. Ke4 Kxf6 51. Ke3 Rb3+ 52. Ke4 Rc3 53.
Re8 Rc4+ 54. Ke3 Rc1 55. Rc8 Ke6 56. Re8+ Kf5 57. Rf8+ Kg4 58. Rf6 Re1+ 59. Kd2
Re4 60. Rxg6+ Kxf4 1/2-1/2

[Event "NB II. Asztalos csoport"]
[Site "Kaposvar"]
[Date "2024.03.03"]
[Round "5.5"]
[White "Balazs, Imre"]
[Black "Marcsingo, Jozsef"]
[Result "1-0"]
[WhiteElo "2000"]
[BlackElo "1841"]
[PlyCount "67"]
[EventDate "2023.10.08"]
[EventType "team-tourn"]
[EventRounds "9"]
[EventCountry "HUN"]
[Source "chess.hu"]
[WhiteTeam "Decs 1990"]
[BlackTeam "Kaposvari Bastya SE"]
[WhiteTeamCountry "HUN"]
[BlackTeamCountry "HUN"]

1. e4 e5 2. Nf3 Nf6 3. Nxe5 d6 4. Nf3 Nxe4 5. Nc3 Nxc3 6. dxc3 Be7 7. Bf4 O-O
8. Qd2 Re8 9. O-O-O Bg4 10. Be2 Nd7 11. h3 Bxf3 12. Bxf3 Rb8 13. Rhe1 Bf6 14.
Bd5 Rxe1 15. Rxe1 Be5 16. Be3 c6 17. Bb3 Nb6 18. f4 Bf6 19. g4 Bh4 20. Rd1 d5
21. g5 a5 22. a3 Qc7 23. Qd4 Nc4 24. Bxc4 dxc4 25. Qxc4 Re8 26. Bc5 b5 27. Qd4
Bg3 28. Bd6 Qd7 29. Be5 Qf5 30. Kb1 h5 31. gxh6 f6 32. Bc7 Re2 33. Qd3 Qxd3 34.
Rxd3 1-0

[Event "NB II. Asztalos csoport"]
[Site "Kaposvar"]
[Date "2024.03.03"]
[Round "5.6"]
[White "Erdelyi, Sandor"]
[Black "Barbarics, Tamas"]
[Result "1/2-1/2"]
[WhiteElo "1903"]
[BlackElo "1989"]
[PlyCount "40"]
[EventDate "2023.10.08"]
[EventType "team-tourn"]
[EventRounds "9"]
[EventCountry "HUN"]
[Source "chess.hu"]
[WhiteTeam "Kaposvari Bastya SE"]
[BlackTeam "Decs 1990"]
[WhiteTeamCountry "HUN"]
[BlackTeamCountry "HUN"]

1. d4 Nf6 2. Nf3 e6 3. Bf4 c5 4. c3 Nc6 5. e3 Be7 6. h3 d5 7. Bd3 Bd7 8. Nbd2
O-O 9. Ne5 Rc8 10. O-O Nxe5 11. Bxe5 b5 12. dxc5 Bxc5 13. Qf3 Bc6 14. Bxf6 Qxf6
15. Qxf6 gxf6 16. Nb3 Be7 17. Nd4 b4 18. Nxc6 Rxc6 19. cxb4 Bxb4 20. Rac1 Rfc8
1/2-1/2

[Event "NB II. Asztalos csoport"]
[Site "Kaposvar"]
[Date "2024.03.03"]
[Round "5.7"]
[White "Werner, Anna"]
[Black "Makaresz, Ferenc"]
[Result "1-0"]
[WhiteElo "1971"]
[BlackElo "1899"]
[PlyCount "89"]
[EventDate "2023.10.08"]
[EventType "team-tourn"]
[EventRounds "9"]
[EventCountry "HUN"]
[Source "chess.hu"]
[WhiteTeam "Decs 1990"]
[BlackTeam "Kaposvari Bastya SE"]
[WhiteTeamCountry "HUN"]
[BlackTeamCountry "HUN"]

1. d4 d5 2. c4 e6 3. Nc3 Nf6 4. cxd5 exd5 5. Bg5 Be7 6. e3 O-O 7. Bd3 c6 8. Qc2
g6 9. Nf3 Ng4 10. h4 f5 11. O-O-O Nd7 12. Bxe7 Qxe7 13. h5 Ndf6 14. hxg6 hxg6
15. Rh4 Rf7 16. Rdh1 Rh7 17. Rxh7 Nxh7 18. Nh4 Qg7 19. Nd1 Bd7 20. f3 Ngf6 21.
g4 fxg4 22. fxg4 g5 23. Nf5 Bxf5 24. Bxf5 Re8 25. Qb3 Kh8 26. Nf2 Re7 27. Rh3
Qf8 28. Nd3 Nxg4 29. Bxg4 Qf1+ 30. Qd1 Qg2 31. Ne5 Kg7 32. Qd3 Qe4 33. Qxe4
dxe4 34. Bf5 Nf6 35. Rg3 Kh6 36. Ng4+ Kg7 37. Nxf6 Kxf6 38. Bg4 Kg6 39. Kd2 Rf7
40. Ke2 Rf6 41. Rh3 Rd6 42. Rh8 a6 43. Re8 Rd5 44. Rxe4 Ra5 45. Be6 1-0

[Event "NB II. Asztalos csoport"]
[Site "Kaposvar"]
[Date "2024.03.03"]
[Round "5.8"]
[White "Szotak, Laszlo"]
[Black "Papp, Csaba Dr"]
[Result "1/2-1/2"]
[WhiteElo "1925"]
[BlackElo "2008"]
[PlyCount "82"]
[EventDate "2023.10.08"]
[EventType "team-tourn"]
[EventRounds "9"]
[EventCountry "HUN"]
[Source "chess.hu"]
[WhiteTeam "Kaposvari Bastya SE"]
[BlackTeam "Decs 1990"]
[WhiteTeamCountry "HUN"]
[BlackTeamCountry "HUN"]

1. f4 d5 2. Nf3 c5 3. g3 Nf6 4. Bg2 Nc6 5. O-O e6 6. d3 Be7 7. b3 O-O 8. Bb2
Qc7 9. Ne5 Nd7 10. Nxc6 bxc6 11. e3 Bb7 12. Nd2 f6 13. c4 Rad8 14. Qe2 Rfe8 15.
Nf3 Bd6 16. e4 e5 17. f5 Nb6 18. Bc3 Qf7 19. g4 Rd7 20. h4 Ba6 21. Nd2 Red8 22.
Ba5 Bc7 23. Bxb6 Bxb6 24. exd5 cxd5 25. Rad1 Bb7 26. Kh2 dxc4 27. dxc4 Bxg2 28.
Kxg2 Rd3 29. Ne4 Qd7 30. Rxd3 Qxd3 31. Qxd3 Rxd3 32. Re1 Kf7 33. h5 h6 34. Re2
Ke7 35. Rd2 Rd4 36. Rxd4 cxd4 37. Nf2 a5 38. a4 Kd6 39. Kf3 Bc5 40. Ke4 Bb4 41.
Nd3 Bc3 1/2-1/2

[Event "NB II. Asztalos csoport"]
[Site "Kaposvar"]
[Date "2024.03.03"]
[Round "5.9"]
[White "B.Garai, Lehel"]
[Black "Illes, Attila Dr"]
[Result "1-0"]
[WhiteElo "1904"]
[BlackElo "1929"]
[PlyCount "61"]
[EventDate "2023.10.08"]
[EventType "team-tourn"]
[EventRounds "9"]
[EventCountry "HUN"]
[Source "chess.hu"]
[WhiteTeam "Decs 1990"]
[BlackTeam "Kaposvari Bastya SE"]
[WhiteTeamCountry "HUN"]
[BlackTeamCountry "HUN"]

1. e4 e6 2. d4 c6 3. Nf3 d5 4. e5 c5 5. c3 Nc6 6. Bd3 h6 7. O-O Qb6 8. a3 Bd7
9. Bc2 Rc8 10. Re1 cxd4 11. cxd4 Nge7 12. Nc3 g6 13. Na4 Qc7 14. Bd2 Nxe5 15.
Nxe5 Qxc2 16. Nxd7 Kxd7 17. Nc5+ Rxc5 18. dxc5 Qxd1 19. Raxd1 Bg7 20. b4 Rc8
21. g4 Nc6 22. Kg2 e5 23. f4 e4 24. Bc1 Ke6 25. f5+ gxf5 26. gxf5+ Kxf5 27.
Rxd5+ Ne5 28. Bb2 Re8 29. b5 Re6 30. Rf1+ Kg6 31. Rd6 1-0

[Event "NB II. Asztalos csoport"]
[Site "Kaposvar"]
[Date "2024.03.03"]
[Round "5.10"]
[White "Palavics, Krisztian"]
[Black "Kaszas, Kristof"]
[Result "1-0"]
[WhiteElo "1847"]
[BlackElo "1881"]
[PlyCount "89"]
[EventDate "2023.10.08"]
[EventType "team-tourn"]
[EventRounds "9"]
[EventCountry "HUN"]
[Source "chess.hu"]
[WhiteTeam "Kaposvari Bastya SE"]
[BlackTeam "Decs 1990"]
[WhiteTeamCountry "HUN"]
[BlackTeamCountry "HUN"]

1. e4 c5 2. c3 d6 3. d4 cxd4 4. cxd4 Nf6 5. Nc3 g6 6. Nf3 Bg7 7. Be2 O-O 8. O-O
a6 9. h3 b5 10. a3 Bb7 11. Qd3 Nc6 12. b4 e6 13. Be3 Rc8 14. Rac1 Ne7 15. Nh2
Nd7 16. f4 d5 17. e5 Nb6 18. g4 Qd7 19. f5 exf5 20. gxf5 gxf5 21. Kh1 f6 22.
exf6 Bxf6 23. Bh6 Bg7 24. Rg1 Ng6 25. Bxg7 Kxg7 26. h4 Kh8 27. h5 Ne7 28. Qg3
Nc6 29. Bd3 Qf7 30. Bxf5 Rg8 31. Qh3 Rcf8 32. Be6 Rxg1+ 33. Rxg1 Bc8 34. Bxc8
Rxc8 35. Rf1 Qe7 36. Qg2 Nxb4 37. axb4 Rxc3 38. h6 Rc8 39. Nf3 Rc6 40. Qh2 Qf6
41. Qb8+ Nc8 42. Nh2 Qxh6 43. Qe5+ Kg8 44. Qe8+ Kg7 45. Rf7+ 1-0

[Event "NB II. Asztalos csoport"]
[Site "Kaposvar"]
[Date "2024.03.03"]
[Round "5.11"]
[White "B.Garai, Etelka"]
[Black "Revesz, Denes"]
[Result "1-0"]
[WhiteElo "1689"]
[BlackElo "1835"]
[PlyCount "45"]
[EventDate "2023.10.08"]
[EventType "team-tourn"]
[EventRounds "9"]
[EventCountry "HUN"]
[Source "chess.hu"]
[WhiteTeam "Decs 1990"]
[BlackTeam "Kaposvari Bastya SE"]
[WhiteTeamCountry "HUN"]
[BlackTeamCountry "HUN"]

1. e4 e5 2. Nf3 Nc6 3. Bc4 Nf6 4. Ng5 d5 5. exd5 Na5 6. Bb5+ c6 7. dxc6 bxc6 8.
Qf3 Bb7 9. Ba4 h6 10. Ne4 Nxe4 11. Qxe4 Qd4 12. Nc3 Bd6 13. Qxd4 exd4 14. Ne4
O-O-O 15. O-O c5 16. d3 Nc6 17. Nxd6+ Rxd6 18. Bf4 Rg6 19. f3 Re6 20. Bb3 Rf6
21. Bg3 Ne7 22. Rae1 Nd5 23. Re5 1-0

[Event "NB II. Asztalos csoport"]
[Site "Kaposvar"]
[Date "2024.03.03"]
[Round "5.12"]
[White "Feher, Koppany"]
[Black "Nagy, Norbert"]
[Result "1/2-1/2"]
[WhiteElo "1716"]
[BlackElo "1629"]
[PlyCount "144"]
[EventDate "2023.10.08"]
[EventType "team-tourn"]
[EventRounds "9"]
[EventCountry "HUN"]
[Source "chess.hu"]
[WhiteTeam "Kaposvari Bastya SE"]
[BlackTeam "Decs 1990"]
[WhiteTeamCountry "HUN"]
[BlackTeamCountry "HUN"]

1. d4 d5 2. c4 e6 3. Nc3 Bb4 4. Qc2 Nc6 5. Nf3 Nf6 6. e3 Bd7 7. a3 Be7 8. Bd3
dxc4 9. Bxc4 a6 10. e4 b5 11. Bd3 Bc8 12. O-O O-O 13. e5 Ne8 14. Bxh7+ Kh8 15.
Be4 Bb7 16. Be3 g5 17. d5 exd5 18. Bxd5 g4 19. Bxc6 Bxc6 20. Nd4 Bb7 21. Rad1
Qc8 22. Qe2 c5 23. Nc2 Rg8 24. Ne1 Qf5 25. Qd3 Qxd3 26. Rxd3 Bg5 27. Bxc5 Bc6
28. Be3 Be7 29. Nc2 Ng7 30. Bd4 Ne6 31. h3 Nf4 32. Rg3 gxh3 33. gxh3 Bh4 34.
e6+ f6 35. Kh2 Bxg3+ 36. fxg3 Nxe6 37. Rxf6 Nxd4 38. Nxd4 Be8 39. Ne6 Bg6 40.
Nd5 Ra7 41. Ndf4 Bh7 42. Rh6 Rd7 43. h4 Rd2+ 44. Kh3 Rxb2 45. Nh5 Rg6 46. Rxh7+
Kxh7 47. Nf8+ Kh6 48. Nxg6 Kxg6 49. Nf4+ Kh6 50. g4 Rb3+ 51. Kg2 Rxa3 52. g5+
Kh7 53. g6+ Kg8 54. h5 b4 55. h6 b3 56. h7+ Kh8 57. Ne6 b2 58. Nd8 b1=Q 59.
Nf7+ Kg7 60. h8=Q+ Kxg6 61. Ne5+ Kg5 62. Qg7+ Kf4 63. Qf6+ Qf5 64. Ng6+ Ke4 65.
Qe7+ Kd5 66. Nf4+ Qxf4 67. Qxa3 Qg4+ 68. Kf2 Qh4+ 69. Ke2 Qh2+ 70. Kd1 Qg1+ 71.
Kc2 Qf2+ 72. Kb1 Qe1+ 1/2-1/2

[Event "NB II. Asztalos csoport"]
[Site "Dunaujvaros"]
[Date "2024.03.10"]
[Round "6.1"]
[White "Papp, Tamas"]
[Black "Janoshalmi, Attila"]
[Result "0-1"]
[WhiteElo "2268"]
[BlackElo "2203"]
[PlyCount "80"]
[EventDate "2023.10.08"]
[EventType "team-tourn"]
[EventRounds "9"]
[EventCountry "HUN"]
[Source "chess.hu"]
[WhiteTeam "Decs 1990"]
[BlackTeam "Racalmas-Kiralysakk "]
[WhiteTeamCountry "HUN"]
[BlackTeamCountry "HUN"]

1. e4 e6 2. b3 d5 3. Bb2 d4 4. Nf3 c5 5. e5 Nc6 6. Bd3 f5 7. exf6 Nxf6 8. Qe2
Bd6 9. c3 Nd5 10. g3 Qf6 11. Be4 O-O 12. cxd4 cxd4 13. a3 Nde7 14. d3 e5 15. h3
Be6 16. Nfd2 b5 17. Bg2 Qg6 18. Ne4 Bxb3 19. Nbd2 Bd5 20. O-O Rac8 21. Bf3 Bb8
22. a4 b4 23. a5 Kh8 24. Bh5 Qh6 25. Bc1 Qe6 26. Bg4 Nf5 27. Nc5 Qe7 28. Nde4
h6 29. Bd2 Bc7 30. a6 Rb8 31. Rfb1 Rb5 32. Nb7 b3 33. Rb2 Nd6 34. Rc1 Nxb7 35.
axb7 Rxb7 36. Ra1 a5 37. Bc1 Nb4 38. Qd2 Na2 39. Bd1 a4 40. Rbb1 Ra8 0-1

[Event "NB II. Asztalos csoport"]
[Site "Dunaujvaros"]
[Date "2024.03.10"]
[Round "6.2"]
[White "Remenyi, Szilard"]
[Black "Kiss, Lajos"]
[Result "0-1"]
[WhiteElo "1990"]
[BlackElo "2129"]
[PlyCount "60"]
[EventDate "2023.10.08"]
[EventType "team-tourn"]
[EventRounds "9"]
[EventCountry "HUN"]
[Source "chess.hu"]
[WhiteTeam "Racalmas-Kiralysakk "]
[BlackTeam "Decs 1990"]
[WhiteTeamCountry "HUN"]
[BlackTeamCountry "HUN"]

1. d4 Nf6 2. c4 Nc6 3. Nf3 e6 4. g3 Bb4+ 5. Nbd2 O-O 6. a3 Bxd2+ 7. Bxd2 d6 8.
Qc2 e5 9. d5 Ne7 10. e4 Ne8 11. Bg2 f5 12. O-O h6 13. b4 g5 14. Ne1 f4 15. f3
h5 16. Nd3 Ng6 17. c5 Rf7 18. Kf2 b6 19. a4 dxc5 20. bxc5 Ba6 21. Rac1 g4 22.
Nb4 fxg3+ 23. hxg3 gxf3 24. Bh3 Bc8 25. Bxc8 Qxc8 26. Rh1 Qg4 27. Rcg1 Nf6 28.
Rh4 Nxh4 29. gxh4 Kh8 30. Rxg4 Nxg4+ 0-1

[Event "NB II. Asztalos csoport"]
[Site "Dunaujvaros"]
[Date "2024.03.10"]
[Round "6.3"]
[White "Nagybiro, Laszlo"]
[Black "Katona, Ferenc"]
[Result "1-0"]
[WhiteElo "2078"]
[BlackElo "2117"]
[PlyCount "107"]
[EventDate "2023.10.08"]
[EventType "team-tourn"]
[EventRounds "9"]
[EventCountry "HUN"]
[Source "chess.hu"]
[WhiteTeam "Decs 1990"]
[BlackTeam "Racalmas-Kiralysakk "]
[WhiteTeamCountry "HUN"]
[BlackTeamCountry "HUN"]

1. e4 e5 2. Nf3 Nf6 3. Nc3 Bb4 4. Bc4 O-O 5. O-O d6 6. d3 h6 7. h3 Be6 8. Bb3
Nc6 9. Be3 Bxb3 10. axb3 d5 11. exd5 Nxd5 12. Bd2 Re8 13. Re1 a6 14. Qc1 Kh7
15. Re2 Qd7 16. Qe1 Nxc3 17. bxc3 Bd6 18. Rd1 f5 19. Bc1 Re7 20. Bb2 Rae8 21.
Nd2 Nd8 22. Nc4 Nf7 23. Nxd6 cxd6 24. c4 Re6 25. Qd2 d5 26. f4 dxc4 27. bxc4
exf4 28. Rxe6 Qxe6 29. Qxf4 g5 30. Qd4 Qe3+ 31. Qxe3 Rxe3 32. Kf2 Re6 33. c5 b6
34. cxb6 Rxb6 35. Bd4 Rd6 36. c3 Nd8 37. Bc5 Rc6 38. Be7 Nb7 39. c4 Kg7 40. Rb1
Nd6 41. Bxd6 Rxd6 42. Ke3 Re6+ 43. Kd2 Kf6 44. Rb2 f4 45. Rb8 h5 46. Rh8 Kg6
47. c5 g4 48. hxg4 hxg4 49. d4 Kf5 50. d5 Re5 51. Rd8 Re4 52. c6 Rc4 53. Kd3
Rc1 54. Kd4 1-0